00309nam a2200121Ia 4500008004100000041000800041082001200049100002200061245003800083260002700121300003000148365000900178240624s9999 xx 000 0 und d aeng a153 SCO aSCOTT GINI GRAHAM a30 DAYS TO A MORE POWERFUL MEMORY c2007aNew YorkbAMACOM axi, : 276 : p. : cm. ; 22 cb30